<?xml version='1.0' encoding='UTF-8'?>
  <record xmlns="http://www.loc.gov/MARC21/slim">
    <leader>00000cam a2200000 i 4500</leader>
    <controlfield tag="001">ocn901227513</controlfield>
    <controlfield tag="003">OCoLC</controlfield>
    <controlfield tag="005">20251128192402.4</controlfield>
    <controlfield tag="008">150127s1467    fr            000 0 lat d</controlfield>
    <datafield tag="040" ind1=" " ind2=" ">
      <subfield code="a">NLGGC</subfield>
      <subfield code="b">eng</subfield>
      <subfield code="e">rda</subfield>
      <subfield code="e">dcrmr</subfield>
      <subfield code="c">NLGGC</subfield>
      <subfield code="d">OCLCL</subfield>
      <subfield code="d">OCLCQ</subfield>
      <subfield code="d">QGJ</subfield>
      <subfield code="d">OCLCO</subfield>
      <subfield code="d">QGJ</subfield>
      <subfield code="d">OCLCO</subfield>
      <subfield code="d">CUD</subfield>
      <subfield code="d">OCLCO</subfield>
    </datafield>
    <datafield tag="029" ind1="0" ind2=" ">
      <subfield code="a">NLGGC</subfield>
      <subfield code="b">388320923</subfield>
    </datafield>
    <datafield tag="035" ind1=" " ind2=" ">
      <subfield code="a">(OCoLC)901227513</subfield>
    </datafield>
    <datafield tag="100" ind1="0" ind2=" ">
      <subfield code="a">Rabanus Maurus,</subfield>
      <subfield code="c">Archbishop of Mainz,</subfield>
      <subfield code="d">784?-856,</subfield>
      <subfield code="e">author.</subfield>
      <subfield code="4">aut</subfield>
      <subfield code="1">https://id.oclc.org/worldcat/entity/E39PBJqBjVwFhQr8TjF9B4mw4q</subfield>
    </datafield>
    <datafield tag="240" ind1="1" ind2="0">
      <subfield code="a">De rerum naturis.</subfield>
      <subfield code="l">Latin</subfield>
      <subfield code="s">(Rusch)</subfield>
    </datafield>
    <datafield tag="245" ind1="1" ind2="0">
      <subfield code="a">De s[er]monu[m] p[ro]prietate. &amp; mistica reru[m] significacione.</subfield>
    </datafield>
    <datafield tag="246" ind1="1" ind2=" ">
      <subfield code="i">Title according to ISTC:</subfield>
      <subfield code="a">De sermonum proprietate, sive Opus de universo</subfield>
    </datafield>
    <datafield tag="246" ind1="1" ind2=" ">
      <subfield code="i">Title according to GW:</subfield>
      <subfield code="a">De universo</subfield>
    </datafield>
    <datafield tag="246" ind1="1" ind2=" ">
      <subfield code="i">Title according to IDL:</subfield>
      <subfield code="a">De sermonum proprietate sive De universo</subfield>
    </datafield>
    <datafield tag="246" ind1="1" ind2=" ">
      <subfield code="i">Title according to BSB-Ink:</subfield>
      <subfield code="a">De rerum naturis</subfield>
    </datafield>
    <datafield tag="246" ind1="1" ind2=" ">
      <subfield code="i">Title according to Alblas, J. Incunabulen Rijksuniversiteit te Utrecht:</subfield>
      <subfield code="a">De sermonum proprietate</subfield>
    </datafield>
    <datafield tag="264" ind1=" " ind2="1">
      <subfield code="a">[Strasbourg] :</subfield>
      <subfield code="b">[The R-Printer (Adolf Rusch)],</subfield>
      <subfield code="c">[before 20 July 1467]</subfield>
    </datafield>
    <datafield tag="300" ind1=" " ind2=" ">
      <subfield code="a">[170] leaves ;</subfield>
      <subfield code="c">41 cm (folio)</subfield>
    </datafield>
    <datafield tag="336" ind1=" " ind2=" ">
      <subfield code="a">text</subfield>
      <subfield code="b">txt</subfield>
      <subfield code="2">rdacontent</subfield>
    </datafield>
    <datafield tag="337" ind1=" " ind2=" ">
      <subfield code="a">unmediated</subfield>
      <subfield code="b">n</subfield>
      <subfield code="2">rdamedia</subfield>
    </datafield>
    <datafield tag="338" ind1=" " ind2=" ">
      <subfield code="a">volume</subfield>
      <subfield code="b">nc</subfield>
      <subfield code="2">rdacarrier</subfield>
    </datafield>
    <datafield tag="340" ind1=" " ind2=" ">
      <subfield code="m">folio</subfield>
      <subfield code="2">rdabf</subfield>
    </datafield>
    <datafield tag="340" ind1=" " ind2=" ">
      <subfield code="k">2 columns</subfield>
    </datafield>
    <datafield tag="500" ind1=" " ind2=" ">
      <subfield code="a">Title from Rabanus's letter to Ludwig II, Kings of the East Franks, leaf [a]2 recto, column a, lines 26-27.</subfield>
    </datafield>
    <datafield tag="500" ind1=" " ind2=" ">
      <subfield code="a">Publication statement from ISTC.</subfield>
    </datafield>
    <datafield tag="500" ind1=" " ind2=" ">
      <subfield code="a">The dating is disputed by P. Needham in the catalogue of Estelle Doheny sale, Part I, Christie's, New York, 22 October 1987, lot 16, where he dates the types 1473-75 and regards Johannes Mentelin in association with Rusch as responsible for the work of the R-printer: see ISTC ir00001000.</subfield>
    </datafield>
    <datafield tag="500" ind1=" " ind2=" ">
      <subfield code="a">Leaf [a]2 recto-[a]2 verso: letter by Rabanus Maurus to Ludwig, King of East Franks, with incipit: Epistola Rabani ad ludouicum regem inuictissimu[m] &amp;c. incipit foeliciter. [D]omino excelle[n]tissimo &amp; om[n]i honore dignissimo ludouico regi Rabanus vilissimus seruo[rum] dei [ser]uus eterne beatitudinis i[n] chr[ist]o optat salute[m]</subfield>
    </datafield>
    <datafield tag="500" ind1=" " ind2=" ">
      <subfield code="a">Leaf [a]2 verso-[a]3 recto: letter by Rabanus Maurus to Haymo, bishop of Halberstadt, with incipit: Incipit epistola Rabani ad hemmone[m] episcopum. Domino reverendissimo et cu[m] omni caritatis officio merito venerando atq[ue] colendo patri hemmoni episcopo. Rabanus inutilis seruo[rum] dei [ser]uus in cristo eternam optat salute[m].</subfield>
    </datafield>
    <datafield tag="500" ind1=" " ind2=" ">
      <subfield code="a">Leaf [a]3 recto-[a]4 verso, table of contents, with incipit: Incipiunt capitula libri p[ri]mi.</subfield>
    </datafield>
    <datafield tag="500" ind1=" " ind2=" ">
      <subfield code="a">First line main work leaf [a]4 verso: [P]rimum apud hebreos dei nomen heli dicit[ur]:</subfield>
    </datafield>
    <datafield tag="500" ind1=" " ind2=" ">
      <subfield code="a">Text printed in two columns.</subfield>
    </datafield>
    <datafield tag="500" ind1=" " ind2=" ">
      <subfield code="a">Capital spaces without guide letters.</subfield>
    </datafield>
    <datafield tag="500" ind1=" " ind2=" ">
      <subfield code="a">Signatures: [a-b¹⁰ c-d⁸ e-f¹⁰ g⁸ h⁶ i⁸ k-l¹⁰ m⁸ n-o¹⁰ p⁸ q-r¹⁰ s-t⁸]; [a]1, [t]7-8 are blank.</subfield>
    </datafield>
    <datafield tag="510" ind1="4" ind2=" ">
      <subfield code="a">Incunabula short title catalogue,</subfield>
      <subfield code="c">ir00001000</subfield>
      <subfield code="u">https://data.cerl.org/istc/ir00001000</subfield>
    </datafield>
    <datafield tag="510" ind1="4" ind2=" ">
      <subfield code="a">Gesamtkatalog der Wiegendrucke,</subfield>
      <subfield code="c">13557</subfield>
      <subfield code="u">https://www.gesamtkatalogderwiegendrucke.de/docs/GW13557.htm</subfield>
    </datafield>
    <datafield tag="510" ind1="4" ind2=" ">
      <subfield code="a">Incunabula in Dutch Libraries,</subfield>
      <subfield code="c">3860</subfield>
    </datafield>
    <datafield tag="510" ind1="4" ind2=" ">
      <subfield code="a">Bayerische Staatsbibliothek Inkunabelkatalog,</subfield>
      <subfield code="c">H-393</subfield>
      <subfield code="u">https://inkunabeln.digitale-sammlungen.de/Ausgabe_H-393.html</subfield>
    </datafield>
    <datafield tag="510" ind1="4" ind2=" ">
      <subfield code="a">Typenrepertorium der Wiegendrucke,</subfield>
      <subfield code="c">ma07147</subfield>
      <subfield code="u">https://tw.staatsbibliothek-berlin.de/ma07147</subfield>
    </datafield>
    <datafield tag="546" ind1=" " ind2=" ">
      <subfield code="b">Typeface: 1:103R</subfield>
    </datafield>
    <datafield tag="505" ind1="0" ind2=" ">
      <subfield code="a">Rabanus Maurus. [Dedication letter addressed to] Ludovicus II, Kings of East Franks, [a2]r-v; Rabanus Maurus. [Dedication letter addressed to] Haymo, Bishop of Halberstadt, [a2]v-[a3]r; table of contents, [a3]r-[a4]v; Rabanus Maurus. De sermonum proprietate, sive Opus de universo, Books 1-22, [a4]v-[t5]v.</subfield>
    </datafield>
    <datafield tag="650" ind1=" " ind2="0">
      <subfield code="a">Encyclopedias and dictionaries, Latin</subfield>
      <subfield code="v">Early works to 1800.</subfield>
    </datafield>
    <datafield tag="650" ind1=" " ind2="6">
      <subfield code="a">Encyclopédies et dictionnaires latins</subfield>
      <subfield code="v">Ouvrages avant 1800.</subfield>
    </datafield>
    <datafield tag="650" ind1=" " ind2="7">
      <subfield code="a">Encyclopedias and dictionaries, Latin</subfield>
      <subfield code="2">fast</subfield>
    </datafield>
    <datafield tag="655" ind1=" " ind2="7">
      <subfield code="a">incunabula (books)</subfield>
      <subfield code="2">aat</subfield>
    </datafield>
    <datafield tag="655" ind1=" " ind2="7">
      <subfield code="a">Early works</subfield>
      <subfield code="2">fast</subfield>
    </datafield>
    <datafield tag="655" ind1=" " ind2="7">
      <subfield code="a">Incunabula.</subfield>
      <subfield code="2">lcgft</subfield>
    </datafield>
    <datafield tag="655" ind1=" " ind2="7">
      <subfield code="a">Annotations (Provenance)</subfield>
      <subfield code="z">France</subfield>
      <subfield code="y">15th century.</subfield>
      <subfield code="2">rbprov</subfield>
      <subfield code="5">UkCU</subfield>
    </datafield>
    <datafield tag="655" ind1=" " ind2="7">
      <subfield code="a">Stamps (Provenance)</subfield>
      <subfield code="z">England</subfield>
      <subfield code="y">19th century.</subfield>
      <subfield code="2">rbprov</subfield>
      <subfield code="5">UkCU</subfield>
    </datafield>
    <datafield tag="655" ind1=" " ind2="7">
      <subfield code="a">Incunables.</subfield>
      <subfield code="2">rvmgf</subfield>
    </datafield>
    <datafield tag="700" ind1="0" ind2=" ">
      <subfield code="a">Ludwig,</subfield>
      <subfield code="c">King of the East Franks,</subfield>
      <subfield code="d">804-876,</subfield>
      <subfield code="e">dedicatee.</subfield>
      <subfield code="4">dte</subfield>
      <subfield code="1">https://id.oclc.org/worldcat/entity/E39PBJghrHfPPRfk8DvKWVPJDq</subfield>
    </datafield>
    <datafield tag="700" ind1="0" ind2=" ">
      <subfield code="a">Haymo,</subfield>
      <subfield code="c">Bishop of Halberstadt,</subfield>
      <subfield code="d">-853,</subfield>
      <subfield code="e">dedicatee.</subfield>
      <subfield code="4">dte</subfield>
      <subfield code="1">https://id.oclc.org/worldcat/entity/E39PBJm97HkVGdJGyFM9QbRFrq</subfield>
    </datafield>
    <datafield tag="700" ind1="1" ind2=" ">
      <subfield code="a">Rusch, Adolph,</subfield>
      <subfield code="e">printer.</subfield>
      <subfield code="4">prt</subfield>
      <subfield code="1">https://id.oclc.org/worldcat/entity/E39PBJqqrKv9KJ4HMtJbxfbPQq</subfield>
    </datafield>
    <datafield tag="700" ind1="1" ind2=" ">
      <subfield code="a">Mentelin, Johann,</subfield>
      <subfield code="d">approximately 1410-1478,</subfield>
      <subfield code="e">printer,</subfield>
      <subfield code="e">attributed name.</subfield>
      <subfield code="4">prt</subfield>
      <subfield code="4">att</subfield>
      <subfield code="1">https://id.oclc.org/worldcat/entity/E39PBJjdjyDWCTcq3hHp6KXKh3</subfield>
    </datafield>
    <datafield tag="752" ind1=" " ind2=" ">
      <subfield code="a">France</subfield>
      <subfield code="d">Strasbourg,</subfield>
      <subfield code="e">publication place.</subfield>
      <subfield code="4">pup</subfield>
    </datafield>
    <datafield tag="758" ind1=" " ind2=" ">
      <subfield code="a">De sermonum proprietate sive De universo (Text)</subfield>
      <subfield code="1">https://id.oclc.org/worldcat/entity/E39PCYcPGqfTTG439879hFdWQm</subfield>
      <subfield code="4">https://id.oclc.org/worldcat/ontology/hasWork</subfield>
    </datafield>
    <datafield tag="936" ind1=" " ind2=" ">
      <subfield code="a">BATCHLOAD</subfield>
    </datafield>
  </record>